Problemas de matemática especial (Record no. 106959)

MARC details
000 -LEADER
campo de control de longitud fija 00755nam a2200193 i 4500
001 - NÚMERO DE CONTROL
campo de control 106959
003 - IDENTIFICADOR DE NÚMERO DE CONTROL
campo de control ES-MaACL
005 - FECHA Y HORA DE LA ÚLTIMA TRANSACCIÓN
campo de control 20250903020534.0
007 - CAMPO FIJO DE DESCRIPCIÓN FÍSICA--INFORMACIÓN GENERAL
campo de control de longitud fija t|
008 - DATOS DE LONGITUD FIJA--INFORMACIÓN GENERAL
campo de control de longitud fija 061121s1949 sp a |||| | spa d
100 1# - ENTRADA PRINCIPAL--NOMBRE DE PERSONA
Nombre de persona Moreno Torres, Antonio.
9 (RLIN) 83437
245 10 - MENCIÓN DEL TÍTULO
Título Problemas de matemática especial
Resto del título : (soluciones a los problemas propuestos en los exámenes de ingreso en la Escuela Especial de Ingenieros de Caminos, Canales y Puertos) /
Mención de responsabilidad, etc. Antonio Moreno Torres.
260 ## - PUBLICACIÓN, DISTRIBUCIÓN, ETC.
Lugar de publicación, distribución, etc. Madrid :
Nombre del editor, distribuidor, etc. Dossat,
Fecha de publicación, distribución, etc. 1949.
300 ## - DESCRIPCIÓN FÍSICA
Extensión XXIII, 490 p. :
Otras características físicas il. ;
Dimensiones 25 cm.
650 04 - PUNTO DE ACCESO ADICIONAL DE MATERIA--TÉRMINO DE MATERIA
Término de materia o nombre geográfico como elemento de entrada Matemáticas-
Subdivisión de forma Problemas
9 (RLIN) 14830
710 2# - ENTRADA AGREGADA--NOMBRE DE ENTIDAD CORPORATIVA
Nombre de entidad corporativa o nombre de jurisdicción como elemento de entrada Escuela Especial de Ingenieros de Caminos, Canales y Puertos (Madrid)
9 (RLIN) 170634
852 ## - LOCALIZACIÓN
Ubicación ES-MaACL
Número de control de estantería D-6623
Holdings
Estatus retirado Estado de pérdida Estado de daño No para préstamo Biblioteca de origen Biblioteca actual Ubicación en estantería Fecha de adquisición Fuente de adquisición Total de préstamos Signatura topográfica completa Código de barras Visto por última vez Precio de reemplazo Tipo de ítem Koha
        Biblioteca del Ateneo de Madrid Biblioteca del Ateneo de Madrid Sala Valle Inclán 17/01/2008     D-6623 901111641 23/02/2023 23/02/2023 Libro impreso